| 000 | 00521cam a2200169 i 4500 | ||
|---|---|---|---|
| 020 | _a087765073X | ||
| 082 | 0 | 0 |
_a628.9252 _bBRY |
| 100 | 1 |
_aBryan, John L., _944282 |
|
| 245 | 1 | 0 |
_aAutomatic sprinkler & standpipe systems / _cby John L. Bryan. |
| 260 |
_aBoston : _bNational Fire Protection Association, _cc1976. |
||
| 300 |
_ax, 402 p. : _bill. ; _c25 cm. |
||
| 490 | 1 | _aNFPA TXT ; | |
| 526 |
_a0 _b0 _c0 _d628_925200000000000_BRY |
||
| 650 | 0 |
_aFire sprinklers. _944283 |
|
| 650 | 0 |
_aStandpipes. _944284 |
|
| 942 |
_2ddc _cBK |
||
| 999 |
_c548116 _d548116 |
||